Índice-catálogo de zooparásitos ibéricos / (Record no. 187014)

MARC details
000 -LEADER
campo de control de longitud fija 00918nam a2200253 i 4500
001 - NÚMERO DE CONTROL
campo de control 187014
003 - IDENTIFICADOR DE NÚMERO DE CONTROL
campo de control SpMaBN
005 - FECHA Y HORA DE LA ÚLTIMA TRANSACCIÓN
campo de control 20251009195351.0
008 - DATOS DE LONGITUD FIJA--INFORMACIÓN GENERAL
campo de control de longitud fija 170329s1994 sp c |||| | spa d
020 ## - NÚMERO INTERNACIONAL ESTÁNDAR DEL LIBRO
Número Internacional Estándar del Libro 84-7719-403-3
080 ## - NÚMERO DE LA CLASIFICACIÓN DECIMAL UNIVERSAL
Número de la Clasificación Decimal Universal 576.89(460)
100 1# - ENTRADA PRINCIPAL--NOMBRE DE PERSONA
Nombre de persona Cordero del Campillo, Miguel.
9 (RLIN) 40521
245 10 - MENCIÓN DEL TÍTULO
Título Índice-catálogo de zooparásitos ibéricos /
Mención de responsabilidad, etc. Miguel Cordero del Campillo, Luciano Castañón Ordóñez, Antonio Reguera Feo.
250 ## - MENCION DE EDICION
Mención de edición 2ª ed.
260 ## - PUBLICACIÓN, DISTRIBUCIÓN, ETC.
Lugar de publicación, distribución, etc. León :
Nombre del editor, distribuidor, etc. Universidad, Secretariado de Publicaciones,
Fecha de publicación, distribución, etc. 1994.
300 ## - DESCRIPCIÓN FÍSICA
Extensión 650 p. :
Otras características físicas 1 mapa ;
Dimensiones 24 cm.
504 ## - NOTA DE BIBLIOGRAFÍA, ETC.
Nota de bibliografía, etc. Referencias bibliográficas.
650 #7 - PUNTO DE ACCESO ADICIONAL DE MATERIA--TÉRMINO DE MATERIA
Término de materia o nombre geográfico como elemento de entrada Parásitos-
Subdivisión geográfica Península Ibérica-
Subdivisión general Clasificación.
9 (RLIN) 162219
700 1# - ENTRADA AGREGADA--NOMBRE PERSONAL
Nombre de persona Castañón Ordóñez, Luciano.
9 (RLIN) 162220
700 1# - ENTRADA AGREGADA--NOMBRE PERSONAL
Nombre de persona Reguera Feo, Antonio,
Fechas asociadas al nombre 1954-
9 (RLIN) 162221
710 2# - ENTRADA AGREGADA--NOMBRE DE ENTIDAD CORPORATIVA
Nombre de entidad corporativa o nombre de jurisdicción como elemento de entrada Universidad de León.
9 (RLIN) 7200
852 ## - LOCALIZACIÓN
Ubicación ES-MaACL
Número de control de estantería L-31333
Holdings
Estatus retirado Estado de pérdida Estado de daño No para préstamo Biblioteca de origen Biblioteca actual Ubicación en estantería Fecha de adquisición Fuente de adquisición Total de préstamos Signatura topográfica completa Código de barras Visto por última vez Precio de reemplazo Tipo de ítem Koha
        Biblioteca del Ateneo de Madrid Biblioteca del Ateneo de Madrid Depósito 2 29/03/2017     L-31333 1197296 23/02/2023 23/02/2023 Libro impreso